Problemas de las vías de comunicación y transportes terrestres en la República Argentina /

Detalles Bibliográficos
Autor principal: Alurralde, Nicanor
Formato: Libro
Publicado: Buenos Aires : s.n., 1946.
Materias:
Etiquetas: Agregar Etiqueta
Sin Etiquetas, Sea el primero en etiquetar este registro!

MARC

LEADER 00000nam a22000004a 4500
001 AR-BbUGT1804
003 AR-BbUGT
005 20181220001603.0
007 ta
008 061101t1946 ||| |0|||0| d
040 |a AR-BbUGT  |b spa  |c AR-BbUGT 
082 0 4 |a 380 
100 1 |a Alurralde, Nicanor. 
245 1 0 |a Problemas de las vías de comunicación y transportes terrestres en la República Argentina /   |c Nicanor Alurralde. 
260 |a Buenos Aires :   |b s.n.,   |c 1946. 
500 |a Separata de La Ingeniería, T.50, no.862, páginas 511-536. 
653 |a Comercio 
653 |a Comunicaciones 
653 |a Transportes 
942 |c BK  |h 380  |i AL83  |m D  |2 ddc  |6 380_000000000000000_AL83 
999 |c 9527  |d 9527